000 00529nam a2200169 i 4500
001 182271
003 ES-MaACL
005 20250807213025.0
008 130730s1993 sp |||| | spa d
245 0 0 _aMujeres
_b: Ayuntamiento.
260 _a[Madrid] :
_bCentro de Estudios de la Mujer,
_c[1993?]
300 _a56 p. ;
_c21 cm.
650 7 _aMujeres-
_zMadrid-
_xSituación social
_2
_9150754
710 2 _aCentro de Estudios de la Mujer (Madrid)
_9153111
852 _aES-MaACL
_j2316-F-19
999 _c182271
_d182271